| 000 | 00524nam a2200133 a 4500 | ||
|---|---|---|---|
| 008 | 120416s1974 ||||||||||||||||| || u | ||
| 050 | _aDT 8847 Dru | ||
| 100 | _aDaniels, George M | ||
| 245 | 1 | 0 |
_aDrums of war _cedited by George M. Daniels |
| 246 | _athe continuing crisis in Rhodesia | ||
| 260 |
_aNew York _bThe Third Press _c1974 |
||
| 350 | _a0.00 | ||
| 995 |
_D0.00 _FCBU-MAIN LIBRARY (Kitwe) _H1 _I10.00 _M1 _UAVAILABLE _WSep 22, 2006 _ZMain Library Open Access Collection |
||
| 999 |
_c40515 _d40515 |
||